Medicina interna / (Record no. 78117)

MARC details
000 -LEADER
campo de control de longitud fija 00723nam a2200217 i 4500
001 - NÚMERO DE CONTROL
campo de control 78117
003 - IDENTIFICADOR DE NÚMERO DE CONTROL
campo de control ES-MaACL
005 - FECHA Y HORA DE LA ÚLTIMA TRANSACCIÓN
campo de control 20250806014154.0
007 - CAMPO FIJO DE DESCRIPCIÓN FÍSICA--INFORMACIÓN GENERAL
campo de control de longitud fija t|
008 - DATOS DE LONGITUD FIJA--INFORMACIÓN GENERAL
campo de control de longitud fija 041011s1984 mx a |||| | spa d
130 0# - ENTRADA PRINCIPAL--TÍTULO UNIFORME
Título uniforme Harrison's principles of internal medicine.
Lenguaje de la obra Español.
9 (RLIN) 121952
245 10 - MENCIÓN DEL TÍTULO
Título Medicina interna /
Mención de responsabilidad, etc. Harrison ; traductores, Luz de Lourdes Álvarez Klein ... [et al.].
250 ## - MENCION DE EDICION
Mención de edición 5ª ed.
260 ## - PUBLICACIÓN, DISTRIBUCIÓN, ETC.
Lugar de publicación, distribución, etc. México :
Nombre del editor, distribuidor, etc. La Prensa Médica Mexicana,
Fecha de publicación, distribución, etc. 1984.
300 ## - DESCRIPCIÓN FÍSICA
Extensión 2 v. :
Otras características físicas il. ;
Dimensiones 27 cm.
650 07 - PUNTO DE ACCESO ADICIONAL DE MATERIA--TÉRMINO DE MATERIA
Término de materia o nombre geográfico como elemento de entrada Medicina interna
Fuente del encabezamiento o término embne
9 (RLIN) 14925
700 1# - ENTRADA AGREGADA--NOMBRE PERSONAL
Nombre de persona Harrison, Tinsley Randolph.
9 (RLIN) 61943
700 0# - ENTRADA AGREGADA--NOMBRE PERSONAL
Nombre de persona Alvarez Klein, Luz de Lourdes.
9 (RLIN) 20851
852 ## - LOCALIZACIÓN
Ubicación ES-MaACL
Número de control de estantería L-6104-05
Holdings
Estatus retirado Estado de pérdida Estado de daño No para préstamo Biblioteca de origen Biblioteca actual Ubicación en estantería Fecha de adquisición Fuente de adquisición Total de préstamos Signatura topográfica completa Código de barras Visto por última vez Precio de reemplazo Tipo de ítem Koha
        Biblioteca del Ateneo de Madrid Biblioteca del Ateneo de Madrid Depósito 2 17/01/2008     L-6104-5 1081720 23/02/2023 23/02/2023 Libro impreso